000 00717nam a2200289Ia 4500
005 20260324112806.0
008 008 260324s9999 xx 000 0 eng d
020 _a9781032620701
037 _aEBOOK
040 _aCRL
040 _beng
040 _cCRL
041 _2eng
041 _aeng
084 _qCRL
100 _aAdedeji B. Badiru
_91139254
245 0 _aFlexible Supply Chain
245 0 _bIndustrial Engineering Optimization Modeling of the Postal Service System
260 _bTaylor and Francis
260 _c2024
365 _a
365 _b160
856 _uhttp://www.taylorfrancis.com/books/9781032620701
942 _cEBOOK
999 _c1733511
_d1733511